| 000 | 00525nam a2200205Ia 4500 | ||
|---|---|---|---|
| 005 | 20250425160951.0 | ||
| 008 | 250425s9999 xx 000 0 und d | ||
| 041 | _ager | ||
| 082 | _a433 | ||
| 100 | _aMARTINEZ AMADOR, EMILIO M. | ||
| 245 | 0 | _aDICCIONARIO ALEMAN-ESPAÑOL; ESPAÑOL-ALEMAN | |
| 250 | _aS.E. | ||
| 260 | _aBARCELONA | ||
| 260 |
_aEspaña _bRAMON SOPENA _c1972 |
||
| 300 | _a1616 | ||
| 650 | _aDICCIONARIOS ALEMAN-ESPAÑOL | ||
| 650 | _aDICCIONARIOS ESPAÑOL-ALEMAN | ||
| 942 | _c01 | ||
| 010 | _a9490 | ||
| 999 |
_c199831 _d199831 |
||